Broken bottles, broken dreams : understanding and helping the children of alcoholics /

Bibliographic Details
Main Author: Deutsch, Charles, 1947-
Format: Book
Language:English
Published: New York : Teachers College, Columbia University, [1982]
Subjects:

MARC

Tag First Indicator Second Indicator Subfields
LEADER 00000cam a2200000 a 4500
001 in00000019020
005 20151007054134.0
008 810427s1982 nyu b 00110 eng
010 |a  81005729  
020 |a 0807726648 
020 |a 080772663X (pbk.) 
035 |a (OCoLC)07596525 
035 |9 AAB4103AM 
040 |a DLC  |c DLC  |d m/c  |d TXA  |d UtOrBLW 
049 |a TXAM  |c [A11059920] 
050 0 0 |a HV5132  |b .D43 
060 0 |a WM 274 D486 
082 0 |a 362.8/28  |2 19 
100 1 |a Deutsch, Charles,  |d 1947- 
245 1 0 |a Broken bottles, broken dreams :  |b understanding and helping the children of alcoholics /  |c Charles Deutsch. 
264 1 |a New York :  |b Teachers College, Columbia University,  |c [1982] 
264 4 |c ©1982 
300 |a xiv, 213 pages ;  |c 24 cm. 
336 |a text  |b txt  |2 rdacontent 
337 |a unmediated  |b n  |2 rdamedia 
338 |a volume  |b nc  |2 rdacarrier 
504 |a Bibliography: pages 203-208. 
500 |a Includes index. 
650 0 |a Children of alcoholics. 
999 |a MARS 
999 f f |s 86751335-08c8-3199-b6a5-e53b2550d9ae  |i 5fe2bec5-0648-3431-bddc-48311e5aefaa  |t 0 
952 f f |p ric  |a Texas A&M University  |b Rellis Campus  |c Joint Library Facility  |d Remote Storage  |t 0  |e HV5132 .D43  |h Library of Congress classification  |i unmediated -- volume  |m A14811059920 
998 f f |a HV5132 .D43  |t 0  |l Remote Storage